000 01053nam a2200265Ia 4500
003 OSt
005 20220916110859.0
006 a|||||r|||| 00| 0
007 ta
008 220915b |||||||| |||| 00| 0 hin d
024 _a241810
037 _cTextbook
040 _bhin
_aARTS
_cARTS
041 _ahin
082 _aO15,3D60,1, 152P5 (TTPS)
100 _aशर्मा, शेषराज ‘रेग्मी’, संपा.
245 0 _aकादम्बरी: महाकवि बाणभट्ट
246 _aRām kathā trayī: vālmīki, bhās tathā kālidāsa
260 _aवाराणसी
_bचौखम्बा सुरभारती प्रकाशन भारत
_c2005
300 _a705पण्
_ccm.
490 _aThe chaukhamba surbharati granthamala 41
650 _aहिन्दी साहित्य
942 _hO15,3D60,1, 152P5 (TTPS)
_cTB
_2CC
999 _c100217
_d100217